000 00307nam a2200121Ia 4500
008 150731s2013 xx 000 0 und d
082 _a615.532
_bH 13 S
100 _aSHAH,SANDEEP
245 _aHEALTHY HEALING FOR BETTER LIFE
260 _bCHAUKHAMBHA PUB. NEW DELHI
_c2013
300 _a59
942 _2ddc
_cBK
999 _c7890
_d7890